<?xml version="1.0" encoding="UTF-8"?>
<record
    xmlns:xsi="http://www.w3.org/2001/XMLSchema-instance"
    xsi:schemaLocation="http://www.loc.gov/MARC21/slim http://www.loc.gov/standards/marcxml/schema/MARC21slim.xsd"
    xmlns="http://www.loc.gov/MARC21/slim">

  <leader>01097nam a22002297a 4500</leader>
  <controlfield tag="005">2011061005435.0</controlfield>
  <controlfield tag="008">110610t        xxu||||| |||| 00| 0 mar d</controlfield>
  <datafield tag="010" ind1=" " ind2=" ">
    <subfield code="a">MAR-20918</subfield>
  </datafield>
  <datafield tag="020" ind1=" " ind2=" ">
    <subfield code="c">90.00</subfield>
  </datafield>
  <datafield tag="035" ind1=" " ind2=" ">
    <subfield code="a">MR-13576</subfield>
  </datafield>
  <datafield tag="037" ind1=" " ind2=" ">
    <subfield code="b">DBAD / PUB</subfield>
  </datafield>
  <datafield tag="040" ind1=" " ind2=" ">
    <subfield code="a">DPL</subfield>
    <subfield code="b">MR</subfield>
  </datafield>
  <datafield tag="082" ind1=" " ind2=" ">
    <subfield code="a">891.4609</subfield>
  </datafield>
  <datafield tag="100" ind1=" " ind2=" ">
    <subfield code="a">&#x915;&#x930;&#x902;&#x926;&#x940;&#x915;&#x930;,&#x935;&#x93F;&#x926;&#x94D;&#x92F;&#x93E;&#x927;&#x930;</subfield>
    <subfield code="9">28558</subfield>
  </datafield>
  <datafield tag="245" ind1=" " ind2=" ">
    <subfield code="a">&#x924;&#x941;&#x92E;&#x94D;&#x939;&#x940; &#x939;&#x947; &#x935;&#x93E;&#x91A;&#x932;&#x902;&#x91A; &#x92A;&#x93E;&#x939;&#x93F;&#x91C;&#x947; /</subfield>
    <subfield code="c">&#x935;&#x93F;&#x926;&#x94D;&#x92F;&#x93E;&#x927;&#x930; &#x915;&#x930;&#x902;&#x926;&#x940;&#x915;&#x930;</subfield>
  </datafield>
  <datafield tag="246" ind1=" " ind2=" ">
    <subfield code="a">Tumhi He Vachalacha Pahijey</subfield>
    <subfield code="b">by Vidhyadhar karandikar</subfield>
  </datafield>
  <datafield tag="260" ind1=" " ind2=" ">
    <subfield code="a">&#x915;&#x94B;&#x932;&#x94D;&#x939;&#x93E;&#x92A;&#x942;&#x930;</subfield>
    <subfield code="b">&#x92E;&#x923;&#x93F;&#x915; &#x92A;&#x94D;&#x930;&#x915;&#x93E;&#x936;&#x928;</subfield>
    <subfield code="c">2008</subfield>
  </datafield>
  <datafield tag="270" ind1=" " ind2=" ">
    <subfield code="a">1495,' &#x92C;&#x940;' &#x907;&#x902;&#x926;&#x941;&#x92E;&#x924;&#x940; &#x905;&#x92A;&#x93E;&#x930;&#x94D;&#x91F;&#x92E;&#x947;&#x902;&#x91F;,&#x917;&#x941;&#x932;&#x93E;&#x92C; &#x917;&#x932;&#x94D;&#x932;&#x940;</subfield>
    <subfield code="b">&#x915;&#x94B;&#x932;&#x94D;&#x939;&#x93E;&#x92A;&#x942;&#x930; </subfield>
  </datafield>
  <datafield tag="300" ind1=" " ind2=" ">
    <subfield code="a">96&#x92A;&#x943;.</subfield>
    <subfield code="c">21&#x938;&#x947;&#x92E;&#x940;(&#x905;&#x91C;&#x93F;&#x932;&#x94D;&#x926;)</subfield>
  </datafield>
  <datafield tag="942" ind1=" " ind2=" ">
    <subfield code="2">ddc</subfield>
    <subfield code="c">MR</subfield>
    <subfield code="h">891.4609</subfield>
    <subfield code="m">&#x915;&#x930;&#x902;&#x926;&#x940;</subfield>
  </datafield>
  <datafield tag="999" ind1=" " ind2=" ">
    <subfield code="c">52825</subfield>
    <subfield code="d">52825</subfield>
  </datafield>
  <datafield tag="952" ind1=" " ind2=" ">
    <subfield code="0">0</subfield>
    <subfield code="1">0</subfield>
    <subfield code="2">ddc</subfield>
    <subfield code="4">0</subfield>
    <subfield code="7">1</subfield>
    <subfield code="8">NFIC</subfield>
    <subfield code="a">DBAD</subfield>
    <subfield code="b">DBAD</subfield>
    <subfield code="d">2011-06-10</subfield>
    <subfield code="e">DBAD / PUB</subfield>
    <subfield code="g">90.00</subfield>
    <subfield code="l">0</subfield>
    <subfield code="o">891.4609 &#x915;&#x930;&#x902;&#x926;&#x940;</subfield>
    <subfield code="p">MR-13576</subfield>
    <subfield code="r">2011-06-10 00:00:00</subfield>
    <subfield code="t">1</subfield>
    <subfield code="v">90.00</subfield>
    <subfield code="w">2011-06-10</subfield>
    <subfield code="y">MR</subfield>
  </datafield>
</record>
